Democratization / (Record no. 28401)
[ view plain ]
| 000 -LEADER | |
|---|---|
| fixed length control field | 03613cam a2200445 i 4500 |
| 001 - CONTROL NUMBER | |
| control field | 20692222 |
| 003 - CONTROL NUMBER IDENTIFIER | |
| control field | EG-ScBUE |
| 005 - DATE AND TIME OF LATEST TRANSACTION | |
| control field | 20200704103452.0 |
| 008 - FIXED-LENGTH DATA ELEMENTS--GENERAL INFORMATION | |
| fixed length control field | 181001t2019 enka bd 001 0 eng d |
| 020 ## - INTERNATIONAL STANDARD BOOK NUMBER | |
| International Standard Book Number | 9780198732280 |
| 035 ## - SYSTEM CONTROL NUMBER | |
| System control number | (OCoLC)on1079830427 |
| 040 ## - CATALOGING SOURCE | |
| Original cataloging agency | UKMGB |
| Language of cataloging | eng |
| Description conventions | rda |
| Transcribing agency | UKMGB |
| Modifying agency | OCLCO |
| -- | OCLCF |
| -- | CLU |
| -- | U3W |
| -- | DLC |
| -- | EG-ScBUE |
| 082 04 - DEWEY DECIMAL CLASSIFICATION NUMBER | |
| Classification number | 321.8 |
| Item number | DEM |
| Edition number | 22 |
| 245 00 - TITLE STATEMENT | |
| Title | Democratization / |
| Statement of responsibility, etc | Christian W. Haerpfer [and three others] |
| 250 ## - EDITION STATEMENT | |
| Edition statement | Second edition. |
| 264 #1 - PUBLICATION, DISTRIBUTION, ETC. (IMPRINT) | |
| Place of publication, distribution, etc | Oxford, United Kingdom : |
| Name of publisher, distributor, etc | Oxford University Press, |
| Date of publication, distribution, etc | [2019] |
| 264 #4 - PUBLICATION, DISTRIBUTION, ETC. (IMPRINT) | |
| Date of publication, distribution, etc | ©2019 |
| 300 ## - PHYSICAL DESCRIPTION | |
| Extent | xxi, 488 pages : |
| Other physical details | illustrations ; |
| Dimensions | 25 cm |
| 336 ## - CONTENT TYPE | |
| Content type term | text |
| Content type code | txt |
| Source | rdacontent |
| 337 ## - MEDIA TYPE | |
| Media type term | unmediated |
| Media type code | n |
| Source | rdamedia |
| 338 ## - CARRIER TYPE | |
| Carrier type term | volume |
| Carrier type code | nc |
| Source | rdacarrier |
| 500 ## - GENERAL NOTE | |
| General note | Includes glossary. |
| 504 ## - BIBLIOGRAPHY, ETC. NOTE | |
| Bibliography, etc | Includes bibliographical references and index. |
| 505 0# - FORMATTED CONTENTS NOTE | |
| Formatted contents note | Part one. Theoretical and historical perspectives -- Theories of democratization / Christian Welzel -- Democratic and undemocratic states / Richard Rose -- Measuring democracy and democratization / Patrick Bernhagen -- Long waves and conjunctures of democratization / Dirk Berg-Schlosser -- The global wave of democratization / John Markoff and Daniel Burridge -- Part two. Causes and dimensions of democratization -- The international context / Hakan Yilmaz -- The political economy of democracy / Patrick Bernhagen -- Political culture, mass beliefs, and value change / Christian Welzel and Ronald F. Inglehart -- Gender and democratization / Pamela Paxton and Kristopher Velasco -- Social capital and civil society / Natalia Letki -- Social movements and contention in democratization processes / Federico M. Rossi and Donatella della Porta -- Part three. Actors and institutions -- Conventional citizen participation / Ian McAllister and Stephen White -- Political parties / Leonardo Morlino -- Institutional design in new democracies / Matthijs Bogaards -- The media / Katrin Voltmer and Gary Rawnsley -- Social media / Larry Diamond and Zak Whittington -- A decade of democratic decline and stagnation / Laura Jakli, M. Steven Fish, and Jason Wittenberg -- Part four. Regions of democratization -- Southern Europe / Richard Gunther -- Latin America / Andrea Oelsner and Mervyn Bain -- Post-Communist Central and Eastern Europe / Christian W. Haerpfer and Kseniya Kizilova -- Post-Soviet Eurasia / Christian W. Haerpfer and Kseniya Kizilova -- The Middle East and North Africa / Francesco Cavatorta -- Sub-Saharan Africa / Michael Bratton -- East Asia / Doh Chull Shin and Rollin F. Tusalem -- Part five. Conclusions and outlook -- Conclusion : The future of democratization / Christian Welzel, Ronald Inglehart, Patrick Bernhagen, and Christian W. Haerpfer -- Glossary. |
| 650 #7 - SUBJECT ADDED ENTRY--TOPICAL TERM | |
| Topical term or geographic name as entry element | Democratization |
| General subdivision | History |
| Chronological subdivision | 20th century. |
| Source of heading or term | BUEsh |
| 650 #7 - SUBJECT ADDED ENTRY--TOPICAL TERM | |
| Topical term or geographic name as entry element | Democratization |
| General subdivision | History |
| Chronological subdivision | 21st century. |
| Source of heading or term | BUEsh |
| 650 #7 - SUBJECT ADDED ENTRY--TOPICAL TERM | |
| Topical term or geographic name as entry element | Democracy. |
| Source of heading or term | BUEsh |
| 650 #7 - SUBJECT ADDED ENTRY--TOPICAL TERM | |
| Topical term or geographic name as entry element | World politics |
| Chronological subdivision | 20th century. |
| Source of heading or term | BUEsh |
| 650 #7 - SUBJECT ADDED ENTRY--TOPICAL TERM | |
| Topical term or geographic name as entry element | World politics |
| Chronological subdivision | 21st century. |
| Source of heading or term | BUEsh |
| 653 ## - INDEX TERM--UNCONTROLLED | |
| Resource For college | MASTER - Political Science |
| Arrived date list | July2020 |
| 655 ## - INDEX TERM--GENRE/FORM | |
| Form subdivision | Text book |
| 9 (RLIN) | 33728 |
| 700 1# - ADDED ENTRY--PERSONAL NAME | |
| Personal name | Haerpfer, Christian W., |
| Dates associated with a name | 1952- |
| Relator term | editor. |
| 700 1# - ADDED ENTRY--PERSONAL NAME | |
| Personal name | Bernhagen, Patrick, |
| Relator term | editor. |
| 700 1# - ADDED ENTRY--PERSONAL NAME | |
| Personal name | Welzel, Christian, |
| Dates associated with a name | 1964- |
| Relator term | editor. |
| 700 1# - ADDED ENTRY--PERSONAL NAME | |
| Personal name | Inglehart, Ronald, |
| Relator term | editor. |
| 775 08 - OTHER EDITION ENTRY | |
| Display text | Revision of: |
| Title | Democratization. |
| Place, publisher, and date of publication | Oxford ; New York : Oxford University Press, 2009 |
| International Standard Book Number | 9780199233021 |
| Record control number | (DLC) 2008049929 |
| -- | (OCoLC)233545897 |
| 906 ## - LOCAL DATA ELEMENT F, LDF (RLIN) | |
| a | 7 |
| b | cbc |
| c | copycat |
| d | 2 |
| e | ncip |
| f | 20 |
| g | y-gencatlg |
| 942 ## - ADDED ENTRY ELEMENTS (KOHA) | |
| Source of classification or shelving scheme | Dewey Decimal Classification |
| Koha item type | Book - Textbooks |
| Withdrawn status | Lost status | Source of classification or shelving scheme | Damaged status | Not for loan | Collection code | Home library | Current library | Shelving location | Date acquired | Source of acquisition | Total Checkouts | Full call number | Barcode | Date last seen | Price effective from | Koha item type | Total Renewals | Date checked out |
|---|---|---|---|---|---|---|---|---|---|---|---|---|---|---|---|---|---|---|
| Dewey Decimal Classification | Baccah | Central Library | Central Library | First floor | 04/07/2020 | Purchase | 321.8 DEM | 000049164 | 15/07/2025 | 04/07/2020 | NB - Book (Non borrowing) | |||||||
| Dewey Decimal Classification | Baccah | Central Library | Central Library | First floor | 04/07/2020 | Purchase | 321.8 DEM | 000049165 | 15/07/2025 | 04/07/2020 | NB - Book (Non borrowing) | |||||||
| Dewey Decimal Classification | Baccah | Central Library | Central Library | First floor | 04/07/2020 | Purchase | 3 | 321.8 DEM | 000049166 | 15/07/2025 | 04/07/2020 | Book - Borrowing | 12 | 13/02/2023 | ||||
| Dewey Decimal Classification | Baccah | Central Library | Central Library | First floor | 04/07/2020 | Purchase | 1 | 321.8 DEM | 000049167 | 15/07/2025 | 04/07/2020 | Book - Borrowing | 07/02/2023 | |||||
| Dewey Decimal Classification | Baccah | Central Library | Central Library | First floor | 04/07/2020 | Purchase | 2 | 321.8 DEM | 000049168 | 15/07/2025 | 04/07/2020 | Book - Borrowing | 26/11/2023 |